Evènements XIXe siècle en France - Statistiques

Statistiques générales
  • Ce quiz a été pris 22 fois
  • Le résultat moyen est 21 sur 87
Statistiques - réponses
Hint Réponse % Correct
Chartre de la Restauration 04/06/1814
71%
3 glorieuses 27-29/07/1830
65%
Sacre Charles X 29/05/1825
53%
Proclamation du suffrage universel masculin 02/03/1848
47%
Déclaration de Saint-Ouen 02/05/1814
47%
Adresse des 221 18/03/1830
47%
4 ordonnances 25-26/07/1830
47%
Libertés individuelles & fin esclavage 27/04/1848
47%
Coup d'Etat 02/12/1851
41%
Première élection législative 08/1815
41%
Assassinat duc Berry 13/02/1820
41%
Interdiction banquet 14/01/1848
41%
Nouvelle Constitution 14/01/1852
41%
Manifestation pour soutenir Pologne 15/05/1848
41%
Liquidation atelier nationaux 21/06/1848
41%
Premières élections 23/04/1848
41%
Abdication de Louis-Phillipe 25/02/1848
41%
Colonisation Algérie 25/05/1830
41%
Proclamation IIe République 27/02/1848
41%
Loi Laîné 02/1817
35%
Terreur blanche 06-09/1814
35%
Louis Phillipe intronisé 09/08/1830
35%
Canuts lyonnais 1831
35%
Eté des banquets 1847
35%
Début guerre franco-prussienne 19/07/1870
35%
Plébiscite 20-21/12/1851
35%
Gouvernement provisoire 24/02/1848
35%
Général Cavaignac dictateur 25/06/1848
35%
Révolte Canuts 26/02/1848
35%
Attentat de Fieshi 28/07/1835
35%
Défaite de Sedan 02/09/1870
29%
Déchéance Empire 04/09/1870
29%
Discours de Bordeaux 09/10/1852
29%
Fête Nationale 15/08/1852
29%
Dissolution Chambre 16/06/1830
29%
Gouvernement Périer 17/03/1831
29%
Loi Gouvion-Saint-Cyr 03/1818
24%
Lois de Serre 03/1819
24%
Suspension liberté individuelle & presse 03/1820
24%
Gouvernement Laffite 11/08/1830
24%
Dissolution Assemblée 1816
24%
Manifestations étudiantes 22/02/1848
24%
Marche des flambeaux 23/02/1848
24%
Cours de Michelet interdits 02/01/1848
18%
Projet loi d'aînesse 04/1826
18%
Général Lamarque 05/06/1832
18%
Censure & ajout 76 pairs 06/1827
18%
Discours liberté nécessaire 11/01/1864
18%
Liberté de presse 11/05/1868
18%
Massacre rue Transnonain 14/04/1834
18%
Election Villèle 1821
18%
Tournée provinciale 1852
18%
Odilon Barrot 20/12/1848
18%
Dissolution Assemblée 29/01/1849
18%
Loi du double vote 30/06/1820
18%
Loi électorale 31/05/1850
18%
Démission Villèle 01/1828
12%
Changarnier 01/1851
12%
Bains publics 03/02/1851
12%
Associations interdites 03/1834
12%
Ordonnances Vicomte de Martignac 06-07/1828
12%
Hôpitaux 07/08/1851
12%
Plébiscite 08/05/1870
12%
Conseil Assistance Publique 10/01/1849
12%
Hautpoul 10/1849
12%
Dissolution chambre 11/1827
12%
Logement insalubre 13/04/1850
12%
Election Assemblée 13-14/05/1849
12%
Programme Belleville 15/05/1869
12%
Invalides 15/12/1840
12%
Fermeture des journaux hostiles 1822
12%
Repos dominical & divorce interdit 1824
12%
Congrès de paix à PAris 1856
12%
senatus consulte 20/04/1870
12%
Arc de Triomphe 29/07/1836
12%
Garde nationale dissoute 30/04/1827
12%
Droit d'adresse 31/01/1867
12%
Réunions publiques autorisées 06/06/1868
6%
Droit d'amendement 12/07/1866
6%
Amnistie des proscrits 15/08/1859
6%
Guerre de Crimée 1853-56
6%
Création ministère Marine & Colonies 1860
6%
Droit de coalition 25/05/1864
6%
Gouvernement Guizot 1836-48
0%
"Guerre" Italie 1858-59
0%
Délégation de 200 ouvriers 1862
0%
Guerre Mexique 1863-1867
0%
Aucun quiz correspondant
Distribution des résultats
% des personnes avec chaque résultat
Percentile par nombre de réponses
Votre historique - résultats
Vous n’avez pas pris ce quiz